BUBT Library Online Catalog

Statistics for Textile and Apparel Management (Record no. 5454)

000 -LEADER
fixed length control field 00546nam a22001937a 4500
003 - CONTROL NUMBER IDENTIFIER
control field BUBTL
008 - FIXED-LENGTH DATA ELEMENTS--GENERAL INFORMATION
fixed length control field 170522b xxu||||| |||| 00| 0 eng d
020 ## - INTERNATIONAL STANDARD BOOK NUMBER
International Standard Book Number 978-93-80308-04-3
082 ## - DEWEY DECIMAL CLASSIFICATION NUMBER
Classification number 687HAS
100 ## - MAIN ENTRY--PERSONAL NAME
9 (RLIN) 1208
Personal name Hayavadana,J.
245 ## - TITLE STATEMENT
Title Statistics for Textile and Apparel Management
260 ## - PUBLICATION, DISTRIBUTION, ETC. (IMPRINT)
Place of publication, distribution, etc. New Delhi
Name of publisher, distributor, etc. Woodhead Publishing
Date of publication, distribution, etc. c2012
300 ## - PHYSICAL DESCRIPTION
Extent 356p.
Dimensions 21cm.
650 #0 - SUBJECT ADDED ENTRY--TOPICAL TERM
9 (RLIN) 909
Topical term or geographic name as entry element Textile Engineering
700 ## - ADDED ENTRY--PERSONAL NAME
9 (RLIN) 1209
Personal name Hayavadana,J.
856 ## - ELECTRONIC LOCATION AND ACCESS
Password 0
Logon 0
Link text Download
942 ## - ADDED ENTRY ELEMENTS (KOHA)
Source of classification or shelving scheme
Koha item type Books
Holdings
Withdrawn status Lost status Source of classification or shelving scheme Damaged status Not for loan Collection code Permanent location Current location Shelving location Date acquired Inventory number Total Checkouts Full call number Barcode Date last seen Copy number Price effective from Koha item type Date last checked out
        Not For Loan Non-fiction Bangladesh University of Business and Technology Library Bangladesh University of Business and Technology Library Textile Engineering Stacks 04/29/2017 24047   687HAS BUBTL-200324047 05/22/2017 C-1 05/22/2017 Books  
          Non-fiction Bangladesh University of Business and Technology Library Bangladesh University of Business and Technology Library Textile Engineering Stacks 04/29/2017 24048 1 687HAS BUBTL-200324048 10/19/2019 C-2 05/22/2017 Books 10/19/2019
          Non-fiction Bangladesh University of Business and Technology Library Bangladesh University of Business and Technology Library Textile Engineering Stacks 04/29/2017 24049 1 687HAS BUBTL-200324049 10/19/2019 C-3 05/22/2017 Books 10/19/2019
          Non-fiction Bangladesh University of Business and Technology Library Bangladesh University of Business and Technology Library Textile Engineering Stacks 04/29/2017 24050 1 687HAS BUBTL-200324050 10/19/2019 C-4 05/22/2017 Books 10/19/2019
        Not For Loan Non-fiction Bangladesh University of Business and Technology Library Bangladesh University of Business and Technology Library Textile Engineering Stacks 04/29/2017 24051   687HAS BUBTL-200324051 05/22/2017 C-5 05/22/2017 Books  

More Information About Library

Library Hours

  • Open: 9.00 am. to 9.00 pm.
  • Only Sunday: 9.00 am. to 6.00 pm.
  • Closed: Holiday

Contact to the University

Bangladesh University of Business and Technology Library

  • Mirpurl-2, 1216.
  • Phone:
  • Fax:
  • E-Mail: admin.library@bubt.edu.bd

Contact to the Library

Contact Person:

Md. Abdul Hakim Shah
Joint Librarian
PABX No:  113
Cell No: 01816332931
E-mail: official: admin.library@bubt.edu.bd
Personal: hakim.shah@bubt.edu.bd


BUBT Library

Copyright © 2021